000 00425nmm a2200157Ia 4500
008 251105s9999||||xx |||||||||||||||||und||
020 _a9788498167993
041 _aspa
100 _aBocangel y Unzueta
245 0 _aLa lira de las musas
264 _a[Madrid, España] :
_bLinkgua,
_c2007
300 _a140 páginas
650 _aSpanish poetry
856 _uhttps://public.digitaliapublishing.com/a/16747
942 _cCF
999 _c91457
_d91457